LIBRARY & INFORMATION CENTRE, KCAET, TAVANUR

ONLINE PUBLIC ACCESS CATALOGUE (OPAC)

Jayasi Gandavali / (Record no. 12254)

MARC details
000 -LEADER
fixed length control field 00417cam a2200169ua 4500
041 ## - LANGUAGE CODE
Language code of text/sound track or separate title hin
082 ## - DEWEY DECIMAL CLASSIFICATION NUMBER
Classification number 891.43
Item number RAM/JA
100 ## - MAIN ENTRY--AUTHOR NAME
Personal name Ramachandra, Shukla .
245 ## - TITLE STATEMENT
Title Jayasi Gandavali /
260 ## - PUBLICATION, DISTRIBUTION, ETC. (IMPRINT)
Place of publication Kashi :
Name of publisher Nagari pracharini sabha ,
Year of publication 1962.
300 ## - PHYSICAL DESCRIPTION
Number of Pages 361 ; .
942 ## - ADDED ENTRY ELEMENTS (KOHA)
Koha item type Books
Holdings
Withdrawn status Lost status Damaged status Home library Current library Date acquired Full call number Accession Number Koha item type
Withdrawn     KAUAET Sanskrit University 07/04/2012 891.43 2943 Books
free website counter